Hunderassen erkennen: Hütehunde und Treibhunde, Teil 1 - Statistiken

Allgemein
  • Dieses Quiz wurde 53 mal gespielt
  • Das Durchschnittsergebnis liegt bei 9 aus 19
Antwortstatistiken
Bildquiz Antwort % Korrekt
Deutscher Schäferhund
95%
Border Collie
88%
Malinois
74%
Australian Cattle Dog
63%
Australian Shepherd
63%
Old english sheepdog
60%
Langhaariger schottischer Schäferhund
56%
Puli
53%
Shetland Sheepdog
53%
Bearded Collie
40%
Komondor
40%
Kurzhaariger schottischer Schäferhund
40%
Welsh Corgi Pembroke
40%
Welsh Corgi Cardigan
35%
Pumi
33%
Kuvasz
30%
Australian Kelpie
23%
Schipperke
23%
Bouvier des Flandres
9%
Keine übereinstimmenden Quizze gefunden
Verteilung der Resultate
Anzahl Personen mit jedem Resultat
Perzentil nach korrekt beantworteten Fragen
Ihre Resultats-Entwicklung
Sie haben dieses Quiz noch nicht gespielt